000 00393nam a2200157Ia 4500
008 230917s9999||||xx |||||||||||||| ||und||
040 _e85844
_aMAIN
041 _aEnglish
082 _a658.8 D259M
100 _aDarymple, Douglas J
245 0 _aMarketing management: Text and cases
250 _a7th ed.
260 _aNew York
_bJohn Wiley
_c2002
300 _axii, 707 p.
942 _cBK
999 _c115101
_d115101